| 000 | 00547nam a2200193Ia 4500 | ||
|---|---|---|---|
| 005 | 20250508150942.0 | ||
| 008 | 008 250505s9999 xx 000 0 eng d | ||
| 037 | _aTextual | ||
| 040 |
_aFEDL _beng _cFEDL |
||
| 041 |
_aeng _2eng |
||
| 084 |
_a341.1, GAU _qFEDL |
||
| 100 |
_aGauld William Alexander _9758025 |
||
| 245 | 0 | _aMan, nature and time : An introduction to world study | |
| 260 |
_aLondon, UK _bG Bell and Sons _c1946 |
||
| 300 | _ax,291p. | ||
| 650 | _aLaw | ||
| 942 |
_cTEXL _h341.1, GAU |
||
| 999 |
_c1326690 _d1326690 |
||